IS0 9000 QS-9000 ISO 14000 : (Record no. 116435)

MARC details
000 -CABECERA
campo de control de longitud fija 00703nam a2200205 a 4500
005 - FECHA Y HORA DE LA ÚLTIMA TRANSACCIÓN
campo de control 20250820063901.0
008 - ELEMENTOS DE LONGITUD FIJA--INFORMACIÓN GENERAL
campo de control de longitud fija 010528s1999 mx r 000 0 spa d
020 ## - NÚMERO INTERNACIONAL NORMALIZADO PARA LIBROS
Número Internacional Estándar del Libro 9701023994
035 ## - NÚMERO DE CONTROL DEL SISTEMA
Número de control de sistema UPN01000144288
049 ## - COLECCIÓN
Colección CG
050 #4 - SIGNATURA TOPOGRÁFICA DE LA BIBLIOTECA DEL CONGRESO
Número de clasificación TS156.6
Número de documento/Ítem G6.4
100 1# - ASIENTO PRINCIPAL--NOMBRE PERSONAL
Nombre de persona González González, Carlos
245 10 - MENCIÓN DE TÍTULO
Título IS0 9000 QS-9000 ISO 14000 :
Resto del título normas internacionales de administración de calidad, sistemas de calidad y sistemas ambientales /
Mención de responsabilidad, etc. Carlos González González.
260 ## - PUBLICACIÓN, DISTRIBUCIÓN, ETC.
Lugar de publicación, distribución, etc. México :
Nombre del editor, distribuidor, etc. McGraw-Hill Interamericana,
Fecha de publicación, distribución, etc. c1999.
300 ## - DESCRIPCIÓN FÍSICA
Extensión xviii, 574 p. :
Otras características físicas gráfs.
650 #4 - ASIENTO SECUNDARIO DE MATERIA - TERMINO TEMATICO
Término de materia o nombre geográfico como elemento de entrada NORMAS ISO 9000
9 (RLIN) 5629
650 #2 - ASIENTO SECUNDARIO DE MATERIA - TERMINO TEMATICO
Término de materia o nombre geográfico como elemento de entrada Calidad total
9 (RLIN) 1086
650 #4 - ASIENTO SECUNDARIO DE MATERIA - TERMINO TEMATICO
Término de materia o nombre geográfico como elemento de entrada NORMAS ISO 14000
9 (RLIN) 3968
905 ## - TIPO DE MATERIAL
Tipo de material Libro
Holdings
Estado de retiro Estado de pérdida Fuente del sistema de clasificación o colocación Estado dañado No para préstamo Código de colección Localización permanente Ubicación/localización actual Ubicación en estantería Total de préstamos Clasificación Código de barras Fecha visto por última vez Número de copia Tipo de ítem Koha
    Library of Congress Classification     Colección General Bib. Gregorio Torres Quintero Bib. Gregorio Torres Quintero Planta baja 17 TS156.6 G6.4 236545 31/12/2020 1 Libro